Mechanizmus fungovania systému DPH v Slovenskej republike ako členskej krajiny EÚ diplomová práca

Gespeichert in:
Bibliographische Detailangaben
1. Verfasser: Szalayová, Barbora
Körperschaft: Fakulta hospodárskej informatiky EU. Katedra účtovníctva a audítorstva
Weitere Verfasser: Vašeková, Miroslava, 1978-
Format: Buch
Sprache:Slowakisch
Veröffentlicht: Bratislava 2023
Tags: Tag hinzufügen
Keine Tags, Fügen Sie das erste Tag hinzu!

MARC

LEADER 00000nbm a2200000 4500
001 0294092
005 20240209095532.3
041 0 |a slo 
044 |a SK 
245 1 0 |a Mechanizmus fungovania systému DPH v Slovenskej republike ako členskej krajiny EÚ  |b diplomová práca  |c Barbora Szalayová ; školiteľ: Miroslava Vašeková 
264 1 |a Bratislava  |c 2023 
300 |a 56 s. 
100 1 |a Szalayová, Barbora 
700 1 |a Vašeková, Miroslava, 1978- 
710 2 |a Fakulta hospodárskej informatiky EU. Katedra účtovníctva a audítorstva